000
00259nam a22001217a 4500
003
SGT
082
_b
SAS
100
_a
SASTRY, N.S.R.
245
_a
LIVESTOCK PRODUCTION MANAGEMENT
260
_b
KALYANI PUBLICATION
_c
2018
300
_a
912
942
_2
ddc
_c
BK
_0
7
999
_c
15400
_d
15400